Statistics for Oklahoma City Thunder Top 10 Leaders Playoffs

Click here to take the quiz!

General Stats

  • This quiz has been taken 65 times
  • The average score is 10 of 21

Answer Stats

Players% Correct
Kevin Durant
100%
Russell Westbrook
100%
Gary Payton
94%
Shawn Kemp
90%
Serge Ibaka
76%
Steven Adams
67%
Jack Sikma
61%
Sam Perkins
57%
Kendrick Perkins
57%
John Johnson
49%
Dennis Johnson
49%
Detlef Schrempf
47%
Gus Williams
43%
Nick Collison
41%
Fred Brown
31%
Nate McMillan
31%
Hersey Hawkins
18%
Thabo Sefolosha
16%
Derrick McKey
10%
Paul Silas
10%
Marvin Webster
2%

Score Distribution

Percentile by Number Answered

Percent of People with Each Score

Your Score History

You have not taken this quiz